| 000 | 00798nam a2200193Ia 4500 | ||
|---|---|---|---|
| 003 | GCL | ||
| 008 | 140319s9999 xx 000 0 ara d | ||
| 040 |
_aGCL / _cGCL |
||
| 082 | 0 | 4 |
_a346.0134 _bع م |
| 100 | 1 | _aعمرو هاشم ربيع | |
| 245 | 1 | 0 |
_aالمرأة وقضاياها فى مجلس الشعب 000 ودورها التشريعى : _bدراسة قانونى الخلع وجنسية ابناء المتزوجة من اجنبى / _cعمرو هاشم ربيع |
| 260 |
_aالقاهرة : _bرابطة المراة العربية |
||
| 300 |
_a49 ص ؛ _c24 سم |
||
| 650 | 0 | 4 | _aالخلع ( الطلاق ) |
| 650 | 0 | 4 | _aالمرأة المصرية |
| 650 | 0 | 4 | _aالمرأة - احوال اجتماعية |
| 650 | 0 | 4 | _aالمرأة - قوانين وتشريعات |
| 942 |
_2ddc _cBK |
||
| 999 |
_c5791 _d5791 |
||